000 00826cab a2200241 4500
001 ABS48544
008 090401t1993 xxu||||| |||| 00| 0 eng d
035 _a(Sirsi) u67308
041 _aeng
100 _aMann, D.
245 _aCavitation of asphalt below promenade tiles
260 _c1993
350 _a0
490 _aCS Monthly
_bthe Building Surveyor
_v2(8) May 1993, 9(1)
520 _aThe warm summers such as that of 1976 and more recently 1990 and 1991 have produced the cavitation of mastic asphalt below reinforced cement promenade tiles. The article concentrates on the reasons why this failure occurs.
650 _aBUILDING FAILURES
650 _aGRC TILES
650 _aMASTIC ASPHALT
650 _aPAVING
690 _aBUILT ENVIRONMENT-BUILDING PATHOLOGY
942 _n0
948 _c04/03/1997
999 _c42121
_d42121